Normal view
MARC view
- Venugopal.K
Entry Personal Name
001 - CONTROL NUMBER
- control field: 3293
003 - CONTROL NUMBER IDENTIFIER
- control field: OSt
005 - DATE AND TIME OF LATEST TRANSACTION
- control field: 20180831121225.0
008 - FIXED-LENGTH DATA ELEMENTS
- fixed length control field: 180831|| aca||aabn | a|a d
040 ## - CATALOGING SOURCE
- Original cataloging agency: OSt
- Transcribing agency: OSt
100 ## - HEADING--PERSONAL NAME
- Personal name: Venugopal.K
670 ## - SOURCE DATA FOUND
- Source citation: Work cat.: (OSt)14306: Venugopal.K, Engineeing Drawing And Graphics, 2009
